Impact of The Russian Embargo on Agri-Food Trade of the EU
Zhodnotenie vplyvu ruských agro-potravinárskych sankcií na zahraničný obchod Európskej Únie s agro-potravinovými produktmi. Popis a zhodnotenie krokov EÚ k zmierneniu negatívnych dopadov embarga na export agro-potravín.
Guardado en:
| Autor principal: | |
|---|---|
| Formato: | Capítulo de libro |
| Lenguaje: | inglés |
| Materias: | |
| Etiquetas: |
Sin Etiquetas, Sea el primero en etiquetar este registro!
|
MARC
| LEADER | 00000nla a2200000 4500 | ||
|---|---|---|---|
| 001 | 0241295 | ||
| 005 | 20240502073928.7 | ||
| 041 | 0 | |a eng | |
| 044 | |a SK | ||
| 245 | 1 | 0 | |a Impact of The Russian Embargo on Agri-Food Trade of the EU |c Matúš Žatko |
| 520 | |a Zhodnotenie vplyvu ruských agro-potravinárskych sankcií na zahraničný obchod Európskej Únie s agro-potravinovými produktmi. Popis a zhodnotenie krokov EÚ k zmierneniu negatívnych dopadov embarga na export agro-potravín. | ||
| 610 | 2 | 0 | |a obchod medzinárodný |
| 610 | 2 | 0 | |a spolupráca hospodárska medzinárodná |
| 610 | 2 | 0 | |a Európska únia |
| 610 | 2 | 0 | |a Rusko |
| 610 | 2 | 0 | |a embargo |
| 610 | 2 | 0 | |a sankcie |
| 610 | 2 | 0 | |a poľnohospodárstvo |
| 610 | 2 | 0 | |a potravinárstvo |
| 610 | 2 | 0 | |a vývoz |
| 100 | 1 | |a Žatko, Matúš, 1991- | |